Sudden Death - Nachbarländer Armeniens - Statistiken

Allgemein
  • Dieses Quiz wurde 28 mal gespielt
  • Das Durchschnittsergebnis liegt bei 4 aus 6
Answers on the Grid
Answers color-coded by a green-red scale on the quiz's grid according to % correct below.
Armenien🇦🇲
Armenien🇦🇲
Georgien🇬🇪
Iran🇮🇷
Türkei🇹🇷
Aserbaidschan🇦🇿
Irak🇮🇶
Turkmenistan🇹🇲
Usbekistan🇺🇿
Russland🇷🇺
Kasachstan🇰🇿
Bulgarien🇧🇬
Griechenland🇬🇷
Syrien🇸🇾
Libanon🇱🇧
Israel🇮🇱
Jordanien🇯🇴
China🇨🇳
Kirgisistan🇰🇬
Ukraine🇺🇦
 
Antwortstatistiken
Antwort % Korrekt
Georgien🇬🇪
88%
Aserbaidschan🇦🇿
80%
Armenien🇦🇲
64%
Türkei🇹🇷
64%
Armenien🇦🇲
52%
Iran🇮🇷
36%
Keine übereinstimmenden Quizze gefunden
Verteilung der Resultate
Anzahl Personen mit jedem Resultat
Perzentil nach korrekt beantworteten Fragen
Ihre Resultats-Entwicklung
Sie haben dieses Quiz noch nicht gespielt